000
00305nam a22001457a 4500
003
SGT
082
_a
346.4202,FUR
100
_a
FURMSTON,M.P
245
_a
LAW OF CONTRACT
250
_a
16TH
260
_a
NEW DELHI
_b
OXFORD
_c
2013
300
_a
831
650
_a
PRIVATE LAW, CONTRACT
942
_2
ddc
_c
BK
_0
1
999
_c
9546
_d
9546